000 00308nam a22001337a 4500
008 180201b xxu||||| |||| 00| 0 eng d
020 _a0155043102
041 _aeng
080 _a78
100 _a45
101 _amuz
245 _afundamentalsof music theory a program
_cberrtrand.h
942 _2udc
_cBK
999 _c41541
_d41541